|
|
|
|
| LEADER |
00000cam a2200000 7i4500 |
| 001 |
0000018913 |
| 005 |
20080616.0 |
| 008 |
080611 |
| 020 |
|
|
|a 983373023x
|
| 090 |
0 |
0 |
|a 959.5123092
|b JEJ
|
| 245 |
1 |
0 |
|a Jejak pahlawan Mat Kilau (tokoh pahlawan nasional)
|c penyunting Talib Samat
|
| 260 |
|
|
|a Penang :
|b Goal intelligent publishing ,
|c 2007
|
| 650 |
|
0 |
|a Mat Kilau
|
| 650 |
|
0 |
|a Nationalist
|z Pahang
|
| 650 |
|
0 |
|a Pahang
|x History
|x 20th century
|
| 999 |
|
|
|a 0001023197
|b Book
|c Adult Collection
|e Perbadanan Perpustakaan Awam Johor
|
| 999 |
|
|
|a 0001023246
|b Book
|c Adult Collection
|e Perbadanan Perpustakaan Awam Johor
|
| 999 |
|
|
|a 0001023247
|b Book
|c Adult Collection
|e Cawangan Urban Transformation Centre
|